000 01124ngm a22003250a 4500
001 PT25845
003 AR-LpoUNG
005 20210202000406.0
007 vd cvaizq
008 191001s1925||||ag |||||||||||||||||rus d
040 _aAR-LpoUNG
_bspa
_cAR-LpoUNG
_eaacr
041 _arus
082 0 _a947.083 36aco
100 1 _aEisenstein, Sergei
_edir.
245 1 3 _aEl acorazado Potemkin
260 _as.l. :
_bs.n.,
_c[1925].
300 _aDVD (65 min.) : son., col.
505 0 _aGuión: Nina Ferdinandova.
520 _aLos marineros del acorazado Potemkin soportan duras e injustas condiciones de vida. La gota que colma el vaso es el intento por parte de los oficiales al mando de darles carne podrida para comer. Comenzarán entonces una revolución que más tarde se extenderá por el puerto de Odessa y por toda Rusia, comenzando la era de la revolución.
650 4 _aASPECTOS POLITICOS
650 4 _aCONFLICTOS POLITICOS
650 4 _aREVOLUCION
650 4 _aRUSIA
651 4 _aPO
653 _aCINE Y TOTALITARISMO
653 _aDVD
653 _aVIDEOS
905 _a25845
942 _cDVD
999 _c54762
_d54762